| 000 | 00743 a2200229 4500 | ||
|---|---|---|---|
| 003 | Nust | ||
| 005 | 20170207154054.0 | ||
| 010 | _a 00050930 | ||
| 020 | _a0824704797 (alk. paper) | ||
| 040 | _cNust | ||
| 082 | 0 | 0 | _a621.3822 |
| 245 | 0 | 0 |
_aBlind equalization and identification(E-BOOK) _cedited by Zhi Ding, Ye (Geoffrey) Li. |
| 260 |
_aNew York : _bMarcel Dekker, _cc2001. |
||
| 300 |
_axiv, 409 p. : _bill. ; _c24 cm. |
||
| 440 | 0 |
_aSignal processing and communications ; _v9 |
|
| 650 | 0 | _aDigital communications. | |
| 650 | 0 |
_aSignal processing _xDigital techniques. |
|
| 651 | _aE-BOOK | ||
| 700 | 1 |
_aDing, Zhi, _d1962- |
|
| 700 | 1 | _aLi, Ye | |
| 856 | 4 | 2 |
_3Publisher description _uhttp://www.loc.gov/catdir/enhancements/fy0647/00050930-d.html |
| 942 |
_2ddc _cBK |
||
| 999 |
_c193273 _d193273 |
||